Music Quiz

Random Music or Singers Quiz

2000's Artists: Highest Charting Single Quiz Stats

 Plays Quiz not verified by Sporcle

Score 0/36 Timer 07:00
0 Plays Today
Artist Song % Correct
ShakiraHips Don't Lie
84.1%
Kanye West (2)Gold Digger, Stronger
81.3%
James BluntYou're Beautiful
80.7%
KelisMilkshake
78.4%
Jason MrazI'm Yours
77.3%
Alicia Keys (2)Fallin', No One
76.1%
Miley CyrusParty In The U.S.A.
76.1%
Gwen StefaniHollaback Girl
75.6%
Avril LavigneGirlfriend
72.7%
Snoop DoggDrop It Like It's Hot
67.6%
Colbie CaillatBubbly
67.6%
Jay-ZEmpire State Of Mind
66.5%
Taylor SwiftYou Belong With Me
64.8%
GorillazFeel Good Inc.
63.1%
Lil WayneLollipop
58%
AaliyahTry Again
52.8%
Mary J. BligeFamily Affair
52.8%
CiaraGoodies
52.3%
Artist Song % Correct
Missy ElliottWork It
52.3%
Kid CudiDay 'n' Nite
50%
Ashlee SimpsonPieces Of Me
47.7%
Lil Jon & The East Side BoyzGet Low
47.7%
AshantiFoolish
46%
*NSYNCIt's Gonna Be Me
43.8%
D12My Band
41.5%
Dixie ChicksNot Ready To Make Nice
38.1%
DrakeBest I Ever Had
35.2%
Carrie UnderwoodInside Your Heaven
32.4%
Jonas BrothersBurnin' Up
31.3%
MobySouth Side
27.3%
Michelle BranchAll You Wanted
27.3%
TimbalandGive It To Me
23.3%
John MayerSay
21.6%
NasI Can
17%
Erykah BaduBag Lady
13.6%
GinuwineDifferences
13.1%

You're not logged in!

Compare scores with friends on all Sporcle quizzes.
OR
Log In

Show Comments

Extras

Top Quizzes Today


Score Distribution

Your Account Isn't Verified!

In order to create a playlist on Sporcle, you need to verify the email address you used during registration. Go to your Sporcle Settings to finish the process.

Report this User

Report this user for behavior that violates our Community Guidelines.

Details: